[Event "Open Bicentenario Móstoles 1808"]
[Site "Móstoles ESP"]
[Date "2008.05.28"]
[Round "7.7"]
[White "Beltran de Heredia Eguiazabal, Miguel Angel"]
[Black "Kovacevic, Slobodan"]
[Result "0-1"]
[WhiteElo "1948"]
[BlackElo "2426"]
[PlyCount "250"]
[EventDate "2008.05.20"]
[EventType "swiss"]
[EventRounds "1"]
[EventCountry "ESP"]
[Source "lmi"]
[SourceDate "2008.05.20"]

1. e4 c5 2. Nf3 e6 3. d4 cxd4 4. Nxd4 a6 5. c4 Nf6 6. Nc3 Qc7 7. a3 b6 8. Be3
Bb7 9. f3 d6 10. Be2 Be7 11. O-O Nbd7 12. Rc1 O-O 13. Qd2 Rac8 14. b4 Qb8 15.
Rc2 Rfe8 16. Rfc1 Bd8 17. Kh1 Bc7 18. Bg1 d5 19. cxd5 exd5 20. Bd3 dxe4 21.
Nxe4 Bf4 22. Rxc8 Bxc8 23. Be3 Nxe4 24. Bxe4 Bxe3 25. Qxe3 Nf6 26. Nc6 Qc7 27.
Na5 Qb8 28. Nc6 Qb7 29. Qd4 Qc7 30. Rc3 Nxe4 31. fxe4 Bb7 32. Na5 Qd8 33. Nb3
Qh4 34. Rg3 g6 35. Nd2 Rd8 36. Qe3 Bxe4 37. Qf2 Qh5 38. h3 Ba8 39. Kh2 Qe5 40.
Nf3 Qc7 41. Qe3 h5 42. Qe5 Qd7 43. Qxh5 Re8 44. Qh6 Qd6 45. Ng5 Qf6 46. Qh7+
Kf8 47. Qh6+ Qg7 48. Qh4 Kg8 49. Nf3 Be4 50. Qf4 Bd5 51. Qd6 Bxf3 52. Rxf3 Re6
53. Qb8+ Kh7 54. Qf4 f6 55. Re3 Rxe3 56. Qxe3 Qc7+ 57. Qg3 Qd8 58. Qc3 Kg7 59.
Qc6 a5 60. bxa5 bxa5 61. Qc5 f5 62. Kg3 Kf6 63. Qc6+ Kg5 64. h4+ Kh6 65. Qc1+
Kh5 66. Qf4 Qe7 67. Qf3+ Kh6 68. Qf4+ Kh7 69. Qf3 Qd6+ 70. Kh3 Qc5 71. Qb7+ Kh6
72. Qf3 Qe5 73. Qg3 Qc5 74. Qg5+ Kg7 75. Qg3 Kf6 76. Qg5+ Kf7 77. Qg3 Qc4 78.
Qf3 a4 79. g3 Kf6 80. Qe3 Qf1+ 81. Kh2 Qd1 82. Qg5+ Kf7 83. Qe3 Qc2+ 84. Kh3
Qb3 85. Qc5 Qb7 86. Kh2 Qd7 87. Qb4 Qc6 88. Qd2 Ke6 89. Qe3+ Kd6 90. Qf4+ Kd7
91. Qd4+ Kc7 92. Qa7+ Kc8 93. Qe3 Kd7 94. Qd4+ Ke6 95. Qe3+ Kf7 96. Qa7+ Kg8
97. Qb8+ Kg7 98. Qe5+ Kf7 99. Qe3 Qc2+ 100. Kh3 Qb3 101. Qa7+ Ke6 102. Qa6+ Kf7
103. Qa7+ Kf6 104. Qa6+ Ke5 105. Qa5+ Kd4 106. Qd8+ Ke3 107. Qg5+ Kf2 108. Qd2+
Kf3 109. Qf4+ Ke2 110. Qe5+ Kd2 111. Qc5 Qf3 112. Kh2 Qe2+ 113. Kh3 Qe4 114.
Kh2 Ke2 115. Qc3 Kd1 116. Qc5 Qc2+ 117. Qxc2+ Kxc2 118. g4 fxg4 119. Kg3 Kb3
120. Kxg4 Kxa3 121. Kg5 Kb3 122. Kxg6 a3 123. h5 a2 124. h6 a1=Q 125. Kh7 Qf6
0-1

[Event "Open Bicentenario Móstoles 1808"]
[Site "Móstoles ESP"]
[Date "2008.05.28"]
[Round "7.11"]
[White "Prada Lopez, Miguel Angel"]
[Black "Barco Cardona, Juan Carlos"]
[Result "0-1"]
[WhiteElo "2184"]
[BlackElo "2041"]
[PlyCount "38"]
[EventDate "2008.05.20"]
[EventType "swiss"]
[EventRounds "1"]
[EventCountry "ESP"]
[Source "lmi"]
[SourceDate "2008.05.20"]

1. e4 Nc6 2. Nc3 g6 3. f4 Bg7 4. Nf3 d6 5. Bc4 Nf6 6. d3 O-O 7. h3 Na5 8. Bb3
Nxb3 9. axb3 e5 10. fxe5 dxe5 11. Bg5 h6 12. Be3 a6 13. Qd2 Kh7 14. Nxe5 Nxe4
15. Nxe4 Bxe5 16. Bxh6 Qh4+ 17. Kf1 Qxh6 18. Ng5+ Kg8 19. h4 f6 0-1

[Event "Open Bicentenario Móstoles 1808"]
[Site "Móstoles ESP"]
[Date "2008.05.28"]
[Round "7.15"]
[White "Estrada Martinez, Cesar"]
[Black "Aguado Garcia, Pablo"]
[Result "1-0"]
[WhiteElo "2253"]
[BlackElo "1798"]
[PlyCount "47"]
[EventDate "2008.05.20"]
[EventType "swiss"]
[EventRounds "1"]
[EventCountry "ESP"]
[Source "lmi"]
[SourceDate "2008.05.20"]

1. Nf3 Nf6 2. c4 c5 3. Nc3 d5 4. cxd5 Nxd5 5. g3 g6 6. Bg2 Bg7 7. O-O O-O 8.
Nxd5 Qxd5 9. d3 Nc6 10. Be3 Qd6 11. Rc1 b6 12. d4 Ba6 13. dxc5 Qxd1 14. Rfxd1
Bxe2 15. Rd2 Bb5 16. cxb6 axb6 17. Rd5 Bxb2 18. Rxb5 Bxc1 19. Bxc1 Rxa2 20.
Rxb6 Rc2 21. Bh6 Rd8 22. Ne1 Rd1 23. Bxc6 Rxe1+ 24. Kg2 1-0

[Event "Open Bicentenario Móstoles 1808"]
[Site "Móstoles ESP"]
[Date "2008.05.28"]
[Round "7.19"]
[White "Quintero Torres, Pedro"]
[Black "Sierra Bermejo, Gregorio"]
[Result "1-0"]
[WhiteElo "2078"]
[BlackElo "1793"]
[PlyCount "125"]
[EventDate "2008.05.20"]
[EventType "swiss"]
[EventRounds "1"]
[EventCountry "ESP"]
[Source "lmi"]
[SourceDate "2008.05.20"]

1. e4 e5 2. Nf3 Nf6 3. Nc3 Bb4 4. Nxe5 O-O 5. Be2 Re8 6. Nd3 Bxc3 7. dxc3 Nxe4
8. O-O d6 9. Bf4 Nd7 10. f3 Nef6 11. Bg5 b6 12. f4 Bb7 13. Bf3 Qc8 14. Nf2 h6
15. Bh4 Bxf3 16. Qxf3 d5 17. Rfe1 c6 18. h3 Qa6 19. a3 Qb5 20. b3 Qc5 21. b4
Qc4 22. Bg3 Ne4 23. Nxe4 dxe4 24. Qd1 Rad8 25. Qd4 Qxd4+ 26. cxd4 Nf8 27. c3 f5
28. Bf2 h5 29. Be3 Ng6 30. a4 Ne7 31. c4 a6 32. Rec1 Rd7 33. Kf2 Red8 34. Ra2
g6 35. Rd2 b5 36. axb5 axb5 37. cxb5 cxb5 38. Rc5 Rd5 39. Rdc2 R8d7 40. Ra2 Rb7
41. Ke2 Kf7 42. Ra6 Kg7 43. Re6 Rdd7 44. Ree5 Ra7 45. Rxb5 Ra2+ 46. Kf1 Ra1+
47. Kf2 h4 48. d5 Ra2+ 49. Kg1 Ra1+ 50. Kh2 Re1 51. Bf2 Re2 52. Bxh4 Kf7 53.
Bxe7 Rxe7 54. d6 Rd7 55. Rbd5 Rb2 56. b5 Rb3 57. h4 Rd3 58. h5 Rxd5 59. hxg6+
Kxg6 60. Rxd5 Kf6 61. Kg3 Kg6 62. b6 Kf6 63. b7 1-0

[Event "Open Bicentenario Móstoles 1808"]
[Site "Móstoles ESP"]
[Date "2008.05.28"]
[Round "7.31"]
[White "Ramos Garcia, Raul"]
[Black "Corregidor Serrano, Julian"]
[Result "1-0"]
[WhiteElo "1753"]
[BlackElo "1872"]
[PlyCount "55"]
[EventDate "2008.05.20"]
[EventType "swiss"]
[EventRounds "1"]
[EventCountry "ESP"]
[Source "lmi"]
[SourceDate "2008.05.20"]

1. d4 c6 2. e4 d5 3. e5 Bf5 4. h4 h5 5. Bd3 e6 6. Bxf5 exf5 7. Nf3 Nd7 8. Qd3
g6 9. O-O Bh6 10. Ng5 Qe7 11. Nc3 O-O-O 12. f4 Nf8 13. b4 Bxg5 14. fxg5 Qxb4
15. Rb1 Qc4 16. Qxc4 dxc4 17. Be3 Ne6 18. Rfd1 Ne7 19. Rb4 Nd5 20. Nxd5 cxd5
21. c3 Rhe8 22. Rdb1 Rd7 23. a4 a6 24. Rb6 Nd8 25. Bc1 Re6 26. Ba3 Nc6 27. Bd6
Re8 28. Rxc6+ 1-0

[Event "Open Bicentenario Móstoles 1808"]
[Site "Móstoles ESP"]
[Date "2008.05.29"]
[Round "8.3"]
[White "Moreno Ruiz, Javier"]
[Black "Lopez Rodriguez, Walter"]
[Result "1-0"]
[WhiteElo "2469"]
[BlackElo "2160"]
[PlyCount "65"]
[EventDate "2008.05.20"]
[EventType "swiss"]
[EventRounds "1"]
[EventCountry "ESP"]
[Source "lmi"]
[SourceDate "2008.05.20"]

1. d4 f5 2. Bg5 g6 3. Nd2 Bg7 4. e4 fxe4 5. Nxe4 d5 6. Ng3 Nc6 7. Bb5 Qd6 8. c3
Bd7 9. Nf3 Nf6 10. O-O O-O 11. Re1 e6 12. Qd2 Nd8 13. Bd3 Nf7 14. Bf4 Qb6 15.
Re2 c5 16. dxc5 Qxc5 17. Be3 Qc7 18. Bd4 Rae8 19. Rae1 Nd6 20. Ne5 Bb5 21. f3
Bxd3 22. Nxd3 b6 23. Qd1 Qd7 24. Nf4 Nb5 25. Bxf6 Rxf6 26. Nxd5 Rf7 27. Ne3 Qc6
28. Qb3 Nc7 29. Ne4 b5 30. Kh1 h6 31. Rd1 Bf8 32. Ng4 Kg7 33. Ne5 1-0

[Event "Open Bicentenario Móstoles 1808"]
[Site "Móstoles ESP"]
[Date "2008.05.29"]
[Round "8.4"]
[White "Kovacevic, Slobodan"]
[Black "Barria Zuñiga, Daniel"]
[Result "1/2-1/2"]
[WhiteElo "2411"]
[BlackElo "2416"]
[PlyCount "28"]
[EventDate "2008.05.20"]
[EventType "swiss"]
[EventRounds "1"]
[EventCountry "ESP"]
[Source "lmi"]
[SourceDate "2008.05.20"]

1. Nf3 d5 2. b3 Nf6 3. c4 d4 4. e3 c5 5. exd4 cxd4 6. d3 Nc6 7. a3 a5 8. g3 e5
9. Bg5 Be7 10. Bxf6 Bxf6 11. Nbd2 O-O 12. Bg2 Be7 13. O-O Re8 14. Re1 Bf8
1/2-1/2

[Event "Open Bicentenario Móstoles 1808"]
[Site "Móstoles ESP"]
[Date "2008.05.29"]
[Round "8.6"]
[White "Serrano Salvador, Eduardo"]
[Black "Martinez Tormo, Jorge"]
[Result "1-0"]
[WhiteElo "2363"]
[BlackElo "2169"]
[PlyCount "93"]
[EventDate "2008.05.20"]
[EventType "swiss"]
[EventRounds "1"]
[EventCountry "ESP"]
[Source "lmi"]
[SourceDate "2008.05.20"]

1. d4 d5 2. c4 c6 3. Nf3 Nf6 4. Nc3 e6 5. e3 Nbd7 6. Bd3 Bd6 7. O-O O-O 8. e4
dxc4 9. Bxc4 e5 10. Bg5 h6 11. Bh4 b5 12. Bb3 a6 13. a3 Bb7 14. Bg3 Qc7 15.
dxe5 Nxe5 16. Nxe5 Bxe5 17. Bxe5 Qxe5 18. f4 Qc7 19. e5 Nd5 20. Nxd5 cxd5 21.
Qd4 Rac8 22. Rad1 Qc5 23. Qxc5 Rxc5 24. Rc1 Rfc8 25. Rxc5 Rxc5 26. Rd1 Kf8 27.
Kf2 Ke7 28. Ke3 Ke6 29. Kd4 Rc7 30. g4 g6 31. Rd3 f5 32. exf6 Kxf6 33. h3 Ke6
34. Re3+ Kd6 35. f5 gxf5 36. gxf5 h5 37. h4 Rg7 38. Re6+ Kc7 39. f6 Rg4+ 40.
Kc5 Bc8 41. f7 Rf4 42. Re7+ Bd7 43. Bxd5 Kd8 44. Re3 Rf5 45. Rf3 Ke7 46. Rxf5
Bxf5 47. Kb6 1-0

[Event "Open Bicentenario Móstoles 1808"]
[Site "Móstoles ESP"]
[Date "2008.05.29"]
[Round "8.7"]
[White "Barco Cardona, Juan Carlos"]
[Black "Roa Alonso, Santiago"]
[Result "0-1"]
[WhiteElo "2038"]
[BlackElo "2481"]
[PlyCount "66"]
[EventDate "2008.05.20"]
[EventType "swiss"]
[EventRounds "1"]
[EventCountry "ESP"]
[Source "lmi"]
[SourceDate "2008.05.20"]

1. e4 c5 2. Nf3 d6 3. d4 cxd4 4. Nxd4 Nf6 5. Nc3 a6 6. Bc4 e6 7. Bb3 b5 8. f4
Bb7 9. f5 e5 10. Nde2 Nbd7 11. Be3 Rc8 12. Ng3 h5 13. h4 Be7 14. Qd2 Nb6 15.
O-O-O Nc4 16. Bxc4 Rxc4 17. Bg5 b4 18. Nd5 Nxd5 19. exd5 f6 20. Be3 Qa5 21. Kb1
Kd7 22. b3 Rg4 23. Rh3 Qb5 24. Qd3 Qxd3 25. Rxd3 Ke8 26. Kb2 Bc8 27. a3 g6 28.
axb4 gxf5 29. Rc3 Bd7 30. Ba7 f4 31. Ne4 Rxg2 32. Rh1 Re2 33. Nf2 Rg8 0-1

[Event "Open Bicentenario Móstoles 1808"]
[Site "Móstoles ESP"]
[Date "2008.05.29"]
[Round "8.8"]
[White "Cabañas Jimenez, Manuel"]
[Black "Ballesteros Gonzalez, David"]
[Result "1/2-1/2"]
[WhiteElo "2066"]
[BlackElo "2277"]
[PlyCount "105"]
[EventDate "2008.05.20"]
[EventType "swiss"]
[EventRounds "1"]
[EventCountry "ESP"]
[Source "lmi"]
[SourceDate "2008.05.20"]

1. e4 g6 2. d4 d6 3. Nc3 c6 4. Bc4 Nf6 5. Bb3 Bg7 6. h3 b5 7. a3 O-O 8. f4 Qa5
9. Bd2 Qb6 10. Nf3 Nfd7 11. Ne2 c5 12. c3 Nc6 13. Be3 Na5 14. Kf2 Bb7 15. Ng3
Nc4 16. Bxc4 bxc4 17. Rb1 cxd4 18. cxd4 d5 19. e5 Qa5 20. Bd2 Qb6 21. Re1 Rac8
22. Bb4 Rfe8 23. Ne2 a5 24. Bd2 Bc6 25. g4 Rb8 26. h4 Nf8 27. f5 Qb5 28. Nc3
Qb3 29. Qc1 Red8 30. Bf4 Rb7 31. h5 Ba4 32. Re2 Bd7 33. hxg6 hxg6 34. Nxd5 Bc6
35. Re3 Qb5 36. Nc3 Qb6 37. Ne2 Bxf3 38. Kxf3 Qc6+ 39. Kg3 a4 40. Qc2 Nd7 41.
Qe4 Qxe4 42. Rxe4 gxf5 43. gxf5 Rb3+ 44. Re3 Nb6 45. Rxb3 axb3 46. Kf3 Na4 47.
Ke4 e6 48. f6 Bf8 49. Rg1+ Kh7 50. Bc1 Rb8 51. Rh1+ Kg8 52. Rg1+ Kh7 53. Rh1+
1/2-1/2

[Event "Open Bicentenario Móstoles 1808"]
[Site "Móstoles ESP"]
[Date "2008.05.29"]
[Round "8.9"]
[White "Madina Yadarola, Martin"]
[Black "Alvarez Abejon, Amilcar"]
[Result "1/2-1/2"]
[WhiteElo "2297"]
[BlackElo "2128"]
[PlyCount "152"]
[EventDate "2008.05.20"]
[EventType "swiss"]
[EventRounds "1"]
[EventCountry "ESP"]
[Source "lmi"]
[SourceDate "2008.05.20"]

1. b3 e5 2. Bb2 Nc6 3. g3 Nf6 4. Bg2 Bc5 5. e3 d5 6. Ne2 O-O 7. a3 a5 8. d4
exd4 9. exd4 Bd6 10. c4 Re8 11. h3 Bf5 12. Nbc3 Be4 13. Nxe4 Nxe4 14. O-O Qf6
15. cxd5 Nb8 16. Nc3 Nxc3 17. Bxc3 Nd7 18. Qd2 b6 19. Qd3 Qg6 20. Qxg6 hxg6 21.
Rfe1 Kf8 22. Bf1 Rxe1 23. Bxe1 Nf6 24. Bc4 Ne4 25. Kg2 Nf6 26. Ra2 Re8 27. Kf1
Ra8 28. Ke2 Re8+ 29. Kd1 Ra8 30. b4 axb4 31. axb4 Rxa2 32. Bxa2 Ke7 33. Bc4 Ne4
34. Kc2 Nf6 35. Kb3 Ne4 36. Ka4 Nf6 37. Kb5 Kd7 38. Ka6 Ne4 39. Kb7 Nf6 40.
Bb5+ Kd8 41. Kc6 Ng8 42. Kb7 Nf6 43. Bc4 Ne4 44. Be2 Nf6 45. Bf3 Ng8 46. Bd2
Nf6 47. h4 Kd7 48. g4 Ne8 49. Be2 Nf6 50. g5 Ng8 51. Bd3 Ne7 52. Be4 Ng8 53.
Ka6 Ne7 54. Kb5 Ng8 55. Kc4 Ne7 56. Kd3 Ng8 57. Ke3 Ne7 58. Kf3 Ng8 59. Kg2 Ne7
60. f4 Kd8 61. Kh3 Ke8 62. Kg4 Kf8 63. Kf3 Ke8 64. Ke2 Kf8 65. Kd3 Ke8 66. Bf3
Nf5 67. h5 gxh5 68. Bxh5 g6 69. Bg4 Ne7 70. Ke4 Kd8 71. f5 gxf5+ 72. Bxf5 Ng6
73. Kf3 Ke7 74. Kg4 Kf8 75. Be1 Kg7 76. Bd2 Kf8 1/2-1/2

[Event "Open Bicentenario Móstoles 1808"]
[Site "Móstoles ESP"]
[Date "2008.05.29"]
[Round "8.10"]
[White "De la Fuente Gonzalez, Francisco"]
[Black "Ruiz Martin, Juan"]
[Result "1-0"]
[WhiteElo "2265"]
[BlackElo "2114"]
[PlyCount "117"]
[EventDate "2008.05.20"]
[EventType "swiss"]
[EventRounds "1"]
[EventCountry "ESP"]
[Source "lmi"]
[SourceDate "2008.05.20"]

1. c4 e5 2. Nc3 Nf6 3. g3 d6 4. Bg2 g6 5. Nf3 Bg7 6. O-O O-O 7. d3 Nc6 8. Rb1
Bg4 9. h3 Bd7 10. b4 Qc8 11. Kh2 Nd4 12. Nxd4 exd4 13. Nb5 Ne8 14. e3 dxe3 15.
Bxe3 c6 16. Nd4 a6 17. Qb3 h5 18. Nf3 Bf6 19. Bg5 Bh8 20. Be7 Ng7 21. Bxd6 Re8
22. Rfe1 Nf5 23. Rxe8+ Qxe8 24. Re1 Be6 25. Be5 f6 26. Bb2 Qd7 27. Qc3 Kf7 28.
Re4 Qc7 29. Qe1 Re8 30. h4 Bg7 31. a3 Nd6 32. Re2 Bf8 33. Qc3 Qd8 34. Nd4 Bg4
35. Rxe8 Nxe8 36. Nb3 Bd6 37. Nc5 Bb8 38. Bh3 Bxh3 39. Kxh3 Qe7 40. Ne4 Be5 41.
d4 Bb8 42. Qd3 Qd7+ 43. Kg2 Qf5 44. Qe3 b5 45. cxb5 axb5 46. Nc5 Qd5+ 47. Kh2
Nd6 48. Qh6 Nf5 49. Qh7+ Ng7 50. Bc1 Qxd4 51. Be3 Qxh4+ 52. Kg2 Qc4 53. Bh6
Qd5+ 54. Kh2 Bd6 55. Qxg7+ Ke8 56. Qxg6+ Kd8 57. Qxf6+ Be7 58. Qh8+ Kc7 59.
Bf4+ 1-0

[Event "Open Bicentenario Móstoles 1808"]
[Site "Móstoles ESP"]
[Date "2008.05.29"]
[Round "8.11"]
[White "Vukotic Jovsic, Dragan"]
[Black "Estrada Martinez, Cesar"]
[Result "0-1"]
[WhiteElo "2097"]
[BlackElo "2247"]
[PlyCount "118"]
[EventDate "2008.05.20"]
[EventType "swiss"]
[EventRounds "1"]
[EventCountry "ESP"]
[Source "lmi"]
[SourceDate "2008.05.20"]

1. d4 Nf6 2. e3 d6 3. Bd3 e5 4. Nd2 Qe7 5. dxe5 dxe5 6. e4 Bg4 7. Be2 Bxe2 8.
Qxe2 Nc6 9. c3 O-O-O 10. Ngf3 h6 11. O-O g5 12. g3 Qe6 13. Re1 Bc5 14. b4 Be7
15. a4 Nd7 16. Nc4 g4 17. Nfd2 h5 18. b5 Ncb8 19. Nf1 h4 20. Nce3 hxg3 21. fxg3
Bc5 22. Ba3 Bxa3 23. Rxa3 Nf6 24. Nf5 Nbd7 25. Qf2 Kb8 26. a5 Qc4 27. b6 axb6
28. axb6 Nxb6 29. N5e3 Qc5 30. Rea1 Nxe4 31. Qa2 c6 32. Ra5 Qxc3 33. Qb1 Qd4
34. Qa2 Nd2 35. Ra8+ Nxa8 36. Qxa8+ Kc7 37. Qa5+ Kc8 38. Qa8+ Kc7 39. Qa5+ b6
40. Qa7+ Kd6 41. Rd1 Ra8 42. Qxf7 Rhf8 43. Qg6+ Ke7 44. Qg5+ Ke6 45. Rxd2 Rxf1+
46. Kxf1 Qxd2 47. Qf5+ Ke7 48. Qh7+ Kd8 49. Qg8+ Kc7 50. Qxa8 Qxe3 51. Qa7+ Kd6
52. Qb8+ Kc5 53. Qf8+ Kb5 54. Qf5 Qd4 55. Qb1+ Kc5 56. Qf5 b5 57. Qf8+ Kc4 58.
Qf7+ Kc3 59. Qg6 Qd3+ 0-1

[Event "Open Bicentenario Móstoles 1808"]
[Site "Móstoles ESP"]
[Date "2008.05.29"]
[Round "8.12"]
[White "Lopez Andujar Ocana, Antonio"]
[Black "Sanchez Alvarez, Jorge"]
[Result "0-1"]
[WhiteElo "2191"]
[BlackElo "2081"]
[PlyCount "132"]
[EventDate "2008.05.20"]
[EventType "swiss"]
[EventRounds "1"]
[EventCountry "ESP"]
[Source "lmi"]
[SourceDate "2008.05.20"]

1. e4 e5 2. Nf3 Nf6 3. d4 Nxe4 4. Bd3 d5 5. Nxe5 Bd6 6. Nc3 Nxc3 7. bxc3 Nc6 8.
O-O Nxe5 9. dxe5 Bc5 10. Qh5 Be6 11. Kh1 Qd7 12. Qg5 Be7 13. Qxg7 O-O-O 14. Qg3
h5 15. Qe3 Kb8 16. f4 Bf5 17. a4 h4 18. Bxf5 Qxf5 19. Qd3 Qe6 20. Bd2 h3 21. g3
c5 22. f5 Qc6 23. Qb5 Qc7 24. Qe2 d4 25. c4 Qc6+ 26. Qf3 Qa6 27. Rab1 b6 28.
Rb5 Qb7 29. f6 Bf8 30. a5 Qxf3+ 31. Rxf3 Kc7 32. axb6+ axb6 33. Rfb3 Rb8 34.
Ba5 Rh5 35. Bxb6+ Kc6 36. Ba5 Rxb5 37. cxb5+ Kb7 38. Kg1 Rxe5 39. Kf2 c4 40.
Rb1 Bc5 41. Kf3 Rf5+ 42. Ke2 Rxf6 43. Rf1 d3+ 44. cxd3 cxd3+ 45. Ke1 Rxf1+ 46.
Kxf1 Be3 47. Bd8 f5 48. Ba5 f4 49. gxf4 Bxf4 50. Kg1 Bc7 51. Bd2 Kb6 52. Kf1
Kxb5 53. Be3 Bxh2 54. Ke1 Bg3+ 55. Kf1 Kc4 56. Bh6 Kc3 57. Bg5 Kc2 58. Kg1 Kc3
59. Be3 Kc4 60. Bh6 Kd5 61. Bd2 Ke4 62. Kf1 Kf3 63. Kg1 Ke2 64. Bh6 Be1 65. Kh2
Bd2 66. Bf8 Bf4+ 0-1

[Event "Open Bicentenario Móstoles 1808"]
[Site "Móstoles ESP"]
[Date "2008.05.29"]
[Round "8.13"]
[White "Lopez de Turiso, Jose Angel"]
[Black "Hernandez Navas, Francisco Javier"]
[Result "1/2-1/2"]
[WhiteElo "2178"]
[BlackElo "2044"]
[PlyCount "77"]
[EventDate "2008.05.20"]
[EventType "swiss"]
[EventRounds "1"]
[EventCountry "ESP"]
[Source "lmi"]
[SourceDate "2008.05.20"]

1. d4 d5 2. c4 e6 3. Nc3 Nf6 4. cxd5 exd5 5. Bg5 Be7 6. e3 c6 7. Bd3 Be6 8.
Nge2 Nbd7 9. h3 Nb6 10. Qc2 h6 11. Bh4 Qd7 12. f4 Nc4 13. Bf2 Nd6 14. g4 g6 15.
Ng3 Qc7 16. f5 gxf5 17. Nxf5 Nxf5 18. Bxf5 O-O-O 19. O-O-O Bxf5 20. Qxf5+ Qd7
21. Qf4 Qe6 22. Bh4 Ne4 23. Nxe4 Bxh4 24. Nc5 Qe7 25. Rd3 Rd6 26. Rb3 b6 27.
Qf1 Bg5 28. Qa6+ Kb8 29. Kb1 Rc8 30. h4 Bf6 31. g5 hxg5 32. hxg5 Bxg5 33. Rh3
Rh6 34. Rxh6 Bxh6 35. Rxb6+ axb6 36. Qxb6+ Ka8 37. Qa6+ Kb8 38. Qb6+ Ka8 39.
Qa6+ 1/2-1/2

[Event "Open Bicentenario Móstoles 1808"]
[Site "Móstoles ESP"]
[Date "2008.05.29"]
[Round "8.15"]
[White "Sanchez Naranjo, Jose Manuel"]
[Black "Beltran de Heredia Eguiazabal, Miguel Angel"]
[Result "1-0"]
[WhiteElo "2150"]
[BlackElo "1957"]
[PlyCount "89"]
[EventDate "2008.05.20"]
[EventType "swiss"]
[EventRounds "1"]
[EventCountry "ESP"]
[Source "lmi"]
[SourceDate "2008.05.20"]

1. e4 c5 2. Nf3 a6 3. c4 e6 4. Nc3 Qc7 5. Be2 d6 6. O-O Nf6 7. d4 cxd4 8. Nxd4
Be7 9. Be3 O-O 10. Qd2 b6 11. Rac1 Bb7 12. f3 Nbd7 13. Rfd1 Rac8 14. Bf1 Rfe8
15. Qf2 Bd8 16. Ncb5 axb5 17. Nxb5 Qb8 18. Nxd6 Bc7 19. Nxe8 Bxh2+ 20. Kh1 Rxe8
21. g4 h6 22. Qxh2 Qa8 23. Bg2 Qxa2 24. e5 Qb3 25. exf6 Qxe3 26. Qg1 Qxg1+ 27.
Kxg1 Nxf6 28. Rd6 Ba8 29. Rxb6 Rc8 30. Kf2 Kh7 31. Bf1 e5 32. Bd3+ e4 33. Bxe4+
Bxe4 34. fxe4 Nxe4+ 35. Ke3 Nf6 36. Rxf6 gxf6 37. c5 Kg6 38. Kf4 f5 39. gxf5+
Kf6 40. b4 Rb8 41. Rc4 h5 42. c6 Rg8 43. Kf3 Ke5 44. c7 Rc8 45. b5 1-0

[Event "Open Bicentenario Móstoles 1808"]
[Site "Móstoles ESP"]
[Date "2008.05.29"]
[Round "8.16"]
[White "Toranzo Fernandez, Dionisio"]
[Black "Vazquez Gonzalez, Jesus"]
[Result "1-0"]
[WhiteElo "2051"]
[BlackElo "2095"]
[PlyCount "65"]
[EventDate "2008.05.20"]
[EventType "swiss"]
[EventRounds "1"]
[EventCountry "ESP"]
[Source "lmi"]
[SourceDate "2008.05.20"]

1. Nf3 Nf6 2. c4 g6 3. g3 Bg7 4. Bg2 O-O 5. O-O d6 6. d4 c6 7. Nc3 Be6 8. d5
Bd7 9. e4 Na6 10. Re1 cxd5 11. cxd5 Qb6 12. Re2 Bb5 13. Rc2 Nb4 14. Rd2 a5 15.
a3 Na6 16. Qb3 Nc5 17. Qxb5 Qxb5 18. Nxb5 Nb3 19. Rb1 Nxd2 20. Nxd2 Rfc8 21.
Nb3 Rc4 22. f3 a4 23. Bf1 Rc2 24. N3d4 Rc5 25. Bd2 Nd7 26. Bb4 Rcc8 27. Bh3 Rd8
28. Rc1 Nc5 29. Rc4 e6 30. dxe6 fxe6 31. Nxe6 Nxe6 32. Bxe6+ Kh8 33. Nxd6 1-0

[Event "Open Bicentenario Móstoles 1808"]
[Site "Móstoles ESP"]
[Date "2008.05.29"]
[Round "8.18"]
[White "Avendaño Mateos, Jose"]
[Black "Prada Lopez, Miguel Angel"]
[Result "1/2-1/2"]
[WhiteElo "1894"]
[BlackElo "2203"]
[PlyCount "30"]
[EventDate "2008.05.20"]
[EventType "swiss"]
[EventRounds "1"]
[EventCountry "ESP"]
[Source "lmi"]
[SourceDate "2008.05.20"]

1. c4 g6 2. Nc3 Bg7 3. g3 Nf6 4. Bg2 O-O 5. e4 e6 6. Nge2 e5 7. O-O Nc6 8. Nd5
a5 9. d3 Ne8 10. f4 f5 11. Rb1 Ne7 12. Be3 Nf6 13. fxe5 Nfxd5 14. cxd5 fxe4 15.
Qb3 Kh8 1/2-1/2

[Event "Open Bicentenario Móstoles 1808"]
[Site "Móstoles ESP"]
[Date "2008.05.29"]
[Round "8.19"]
[White "Aguado Garcia, Pablo"]
[Black "Alcaraz Amoros, Antonio"]
[Result "1-0"]
[WhiteElo "1903"]
[BlackElo "2141"]
[PlyCount "65"]
[EventDate "2008.05.20"]
[EventType "swiss"]
[EventRounds "1"]
[EventCountry "ESP"]
[Source "lmi"]
[SourceDate "2008.05.20"]

1. e4 c6 2. d4 d5 3. exd5 cxd5 4. c4 Nf6 5. Nc3 Nc6 6. Nf3 Bg4 7. cxd5 Nxd5 8.
Qb3 Bxf3 9. gxf3 Nb6 10. Be3 e6 11. Rd1 Bb4 12. Bb5 Nd5 13. O-O Bxc3 14. bxc3
O-O 15. Bd3 Na5 16. Qc2 f5 17. Kh1 Rc8 18. Bd2 Nb4 19. Qb1 Nxd3 20. Qxd3 Nc4
21. Qe2 Qd5 22. Bf4 Rc6 23. Rb1 Ra6 24. Rb4 Rc8 25. Rfb1 Nb6 26. R1b3 Rc6 27.
Kg2 Qd8 28. Be5 Qg5+ 29. Kf1 Qc1+ 30. Kg2 Rxc3 31. Bf4 Qxf4 32. Qxe6+ Kf8 33.
Rxc3 1-0

[Event "Open Bicentenario Móstoles 1808"]
[Site "Móstoles ESP"]
[Date "2008.05.29"]
[Round "8.20"]
[White "Arauz Alonso, Fernando"]
[Black "Fernandez Fernandez, Jose A"]
[Result "1-0"]
[WhiteElo "2097"]
[BlackElo "1900"]
[PlyCount "109"]
[EventDate "2008.05.20"]
[EventType "swiss"]
[EventRounds "1"]
[EventCountry "ESP"]
[Source "lmi"]
[SourceDate "2008.05.20"]

1. e4 c5 2. d3 Nc6 3. Nf3 d6 4. g3 Nf6 5. Bg2 e5 6. O-O Be7 7. c3 O-O 8. Re1
Bg4 9. h3 Bxf3 10. Qxf3 b5 11. Nd2 a5 12. a4 b4 13. Nc4 Nd7 14. Be3 Nb6 15. Qe2
Nxc4 16. dxc4 bxc3 17. bxc3 Rb8 18. Reb1 Rxb1+ 19. Rxb1 Qc7 20. Rb5 Na7 21. Rb3
Rb8 22. Qb2 Rxb3 23. Qxb3 Bd8 24. f4 f6 25. h4 Qb6 26. Qd1 Qc6 27. Qd5+ Qxd5
28. cxd5 Nc8 29. Bf1 h6 30. h5 Kf7 31. Kf2 Kf8 32. Kf3 Kf7 33. Kg4 Bc7 34. Bb5
Nb6 35. Kf5 Nc8 36. Bd7 Nb6 37. Bb5 Nc8 38. Bd2 Ne7+ 39. Kg4 Nc8 40. Bc6 Ne7
41. Bd7 Bb6 42. Kf3 g6 43. hxg6+ Nxg6 44. f5 Nf8 45. Be6+ Kg7 46. Ke2 Nh7 47.
Kd3 Ng5 48. Bxg5 fxg5 49. f6+ Kxf6 50. g4 Ke7 51. Kc4 Kd8 52. Kb5 Bc7 53. Kc6
Bb8 54. Kb7 Bc7 55. c4 1-0

[Event "Open Bicentenario Móstoles 1808"]
[Site "Móstoles ESP"]
[Date "2008.05.29"]
[Round "8.21"]
[White "Perez Cristobal, Alberto"]
[Black "Fuentes Arjona, Antonio"]
[Result "0-1"]
[WhiteElo "1863"]
[BlackElo "2046"]
[PlyCount "38"]
[EventDate "2008.05.20"]
[EventType "swiss"]
[EventRounds "1"]
[EventCountry "ESP"]
[Source "lmi"]
[SourceDate "2008.05.20"]

1. e4 c5 2. Nf3 Nc6 3. Nc3 g6 4. d4 cxd4 5. Nxd4 Bg7 6. Be3 Nf6 7. Qd2 O-O 8.
Be2 d5 9. Nxc6 bxc6 10. exd5 cxd5 11. O-O e5 12. Bg5 Be6 13. Bf3 e4 14. Be2 Rb8
15. Nd1 d4 16. Qf4 Nd5 17. Bxd8 Nxf4 18. Bc7 Nxe2+ 19. Kh1 Rb7 0-1